| 000 | 00636nam a2200265Ia 4500 | ||
|---|---|---|---|
| 005 | 20250425161310.0 | ||
| 008 | 250425s9999 xx 000 0 und d | ||
| 020 | _a9684960336 | ||
| 041 | _aspa | ||
| 082 | _a970 | ||
| 245 | 0 | _aLAS LUCHAS POPULARES EN MEXICO EN EL SIGLO XI | |
| 250 | _a1A ED. | ||
| 260 | _aMEXICO | ||
| 260 |
_aMéxico _bCIEA _c1983 |
||
| 300 | _a522 | ||
| 650 | _aCAMPESINOS | ||
| 650 | _aHISTORIA | ||
| 650 | _aLUCHAS POPULARES | ||
| 650 | _aMEXICO | ||
| 650 | _aTRABAJADORES FERROVIARIOS | ||
| 650 | _aTRABAJADORES MINEROS | ||
| 650 | _aTRABAJADORES TEXTILES | ||
| 942 | _c01 | ||
| 010 | _a17190 | ||
| 999 |
_c206411 _d206411 |
||